[Event "SVK-chT3B2 2223"]
[Site "Slovakia"]
[Date "2022.12.18"]
[Round "4.5"]
[White "Hanko, Miroslav"]
[Black "Kostelansky, Karol"]
[Result "0-1"]
[WhiteElo "1784"]
[BlackElo "1828"]
[PlyCount "68"]
[EventDate "2022.10.23"]
[EventType "team-tourn"]
[EventRounds "11"]
[EventCountry "SVK"]
[SourceTitle "EXT 2024"]
[Source "ChessBase"]
[SourceDate "2023.10.10"]
[SourceVersion "1"]
[SourceVersionDate "2023.10.10"]
[SourceQuality "1"]
[WhiteTeam "Prievidza II"]
[BlackTeam "Povazske Podhradie II"]
[WhiteTeamCountry "SVK"]
[BlackTeamCountry "SVK"]

1. d4 f5 2. c4 Nf6 3. Nc3 e6 4. Bg5 Bb4 5. Nf3 0-0 6. a3 Bxc3+ 7. bxc3 d6 8. e3 b6 9. Be2 Bb7 10. 0-0 Qe8 11. Nd2 Qg6 12. Bf3 Ne4 13. Bxe4 fxe4 14. Bf4 Nd7 15. h3 Rf7 16. g4 Raf8 17. Bg3 Nf6 18. Qe2 h6 19. a4 Nh7 20. a5 Ng5 21. Kg2 Nf3 22. axb6 axb6 23. Qd1 h5 24. gxh5 Qxh5 25. Rh1 Qg6 26. h4 Nxd2 27. Qxd2 Rxf2+ 28. Qxf2 Rxf2+ 29. Kxf2 Qf5+ 30. Bf4 e5 31. dxe5 dxe5 32. Rag1 exf4 33. Rg5 fxe3+ 34. Kxe3 Qf3+ 0-1

[Event "SVK-chT3B2 1819"]
[Site "Slovakia"]
[Date "2019.03.10"]
[Round "9.4"]
[White "Hanko, Miroslav"]
[Black "Mikus, Peter"]
[Result "1-0"]
[WhiteElo "1807"]
[BlackElo "1672"]
[PlyCount "53"]
[EventDate "2018.10.21"]
[EventType "team-tourn"]
[EventRounds "11"]
[EventCountry "SVK"]
[SourceTitle "CBM 189 Extra"]
[Source "ChessBase"]
[SourceDate "2019.06.03"]
[SourceVersion "1"]
[SourceVersionDate "2019.06.03"]
[SourceQuality "1"]
[WhiteTeam "Bojnice"]
[BlackTeam "Trencin "]
[WhiteTeamCountry "SVK"]
[BlackTeamCountry "SVK"]

1. d4 e6 2. c4 Nf6 3. Nc3 d5 4. Bg5 Be7 5. Nf3 Nbd7 6. e3 0-0 7. Qc2 Re8 8. h4 h6 9. 0-0-0 Nf8 10. Bxf6 Bxf6 11. g4 g6 12. Be2 c6 13. Rdg1 Bg7 14. Ne5 Qe7 15. f4 Bxe5 16. dxe5 f5 17. gxf5 exf5 18. Rg3 Be6 19. cxd5 cxd5 20. Kb1 Kh7 21. Bf3 Red8 22. Nb5 Rac8 23. Qg2 Rd7 24. Nd4 a6 25. h5 Qf7 26. hxg6+ Nxg6 27. Qh2 1-0

[Event "SVK-chT3B2 1819"]
[Site "Slovakia"]
[Date "2019.01.27"]
[Round "6.6"]
[White "Kucharek, Tibor"]
[Black "Hanko, Miroslav"]
[Result "0-1"]
[WhiteElo "1638"]
[BlackElo "1807"]
[PlyCount "58"]
[EventDate "2018.10.21"]
[EventType "team-tourn"]
[EventRounds "11"]
[EventCountry "SVK"]
[SourceTitle "CBM 189 Extra"]
[Source "ChessBase"]
[SourceDate "2019.06.03"]
[SourceVersion "1"]
[SourceVersionDate "2019.06.03"]
[SourceQuality "1"]
[WhiteTeam "Dubnica nad Vahom  III"]
[BlackTeam "Bojnice"]
[WhiteTeamCountry "SVK"]
[BlackTeamCountry "SVK"]

1. d4 Nf6 2. Nf3 g6 3. g3 Bg7 4. Bg2 0-0 5. 0-0 d6 6. c4 Nbd7 7. Nc3 a5 8. Re1 e5 9. dxe5 dxe5 10. e4 c6 11. Be3 Qc7 12. Rc1 Ng4 13. Qd2 Nxe3 14. Qxe3 Nf6 15. Na4 Bg4 16. Nb6 Rad8 17. c5 Bxf3 18. Bxf3 Rd4 19. Red1 Rfd8 20. Rxd4 Rxd4 21. Rc4 Qd8 22. Qc3 Rd3 23. Qxe5 Rxf3 24. Rd4 Qe8 25. Qc7 Nd5 26. Rxd5 cxd5 27. Qxb7 Qxe4 28. Qa8+ Bf8 29. Qxa5 Qe2 0-1

[Event "SVK-chT3B2 1718"]
[Site "Slovakia"]
[Date "2018.02.18"]
[Round "9.4"]
[White "Hanko, Miroslav"]
[Black "Krisko, Milan"]
[Result "1-0"]
[WhiteElo "1826"]
[BlackElo "1794"]
[PlyCount "79"]
[EventDate "2017.10.08"]
[EventType "team-tourn"]
[EventRounds "11"]
[EventCountry "SVK"]
[SourceTitle "EXT 2020"]
[Source "ChessBase"]
[SourceDate "2019.10.17"]
[SourceVersion "1"]
[SourceVersionDate "2019.10.17"]
[SourceQuality "1"]
[WhiteTeam "Bojnice"]
[BlackTeam "Handlova"]
[WhiteTeamCountry "SVK"]
[BlackTeamCountry "SVK"]

1. d4 d5 2. c4 Nf6 3. Nc3 e6 4. Bg5 Be7 5. Nf3 b6 6. cxd5 Nxd5 7. Nxd5 exd5 8. Bxe7 Qxe7 9. e3 0-0 10. Be2 Ba6 11. 0-0 Bxe2 12. Qxe2 Nd7 13. Qb5 c5 14. Rac1 a6 15. Qc6 Qe6 16. Qxe6 fxe6 17. b3 Rac8 18. h3 h6 19. Rfe1 c4 20. bxc4 dxc4 21. Re2 b5 22. Rec2 Nb6 23. Ne5 Rfd8 24. Kf1 Nd7 25. f4 Nxe5 26. fxe5 Rf8+ 27. Ke2 Rf5 28. Rf1 Rxf1 29. Kxf1 b4 30. Ke1 Kf7 31. Kd1 Kg6 32. e4 c3 33. Ke2 a5 34. Kd3 Rc7 35. d5 exd5 36. exd5 Kf5 37. Kd4 Rc8 38. e6 Kf6 39. Rf2+ Kg6 40. e7 1-0

[Event "SVK-chT2B 1516"]
[Site "Slovakia"]
[Date "2016.03.13"]
[Round "11.4"]
[White "Kollar, Jan"]
[Black "Hanko, Miroslav"]
[Result "1-0"]
[WhiteElo "1783"]
[BlackElo "1980"]
[PlyCount "85"]
[EventDate "2015.10.17"]
[EventType "team-tourn"]
[EventRounds "11"]
[EventCountry "SVK"]
[SourceTitle "EXT 2019"]
[Source "ChessBase"]
[SourceDate "2018.10.10"]
[SourceVersion "1"]
[SourceVersionDate "2018.10.10"]
[SourceQuality "1"]
[WhiteTeam "Sala Slovan Duslo"]
[BlackTeam "Bojnice SK PRM"]
[WhiteTeamCountry "SVK"]
[BlackTeamCountry "SVK"]

1. d4 Nf6 2. c4 g6 3. Nc3 Bg7 4. e4 d6 5. Bd3 0-0 6. Nge2 Nbd7 7. 0-0 a5 8. a4 e5 9. Bd2 exd4 10. Nb5 Nc5 11. Bg5 Nxd3 12. Qxd3 c5 13. Bf4 Ne8 14. Qg3 Be5 15. Bxe5 dxe5 16. Qxe5 b6 17. Nf4 Bb7 18. Nd5 Bxd5 19. exd5 Qf6 20. Rae1 Rd8 21. Qe7 Kg7 22. Re6 Qxe7 23. Rxe7 Nd6 24. Nxd6 Rxd6 25. Rfe1 Rfd8 26. g4 g5 27. Kg2 R8d7 28. R7e5 h6 29. Kg3 Rf6 30. Re8 Rfd6 31. h4 Rf6 32. hxg5 hxg5 33. Rh1 Rh6 34. Rg8+ Kxg8 35. Rxh6 Rb7 36. f4 gxf4+ 37. Kxf4 Re7 38. Rxb6 d3 39. Rb3 Re2 40. Rxd3 Rxb2 41. d6 Rb8 42. Ke5 Re8+ 43. Kd5 1-0

[Event "SVK-chT2B 1516"]
[Site "Slovakia"]
[Date "2016.02.13"]
[Round "8.5"]
[White "Szucs, Vladimir"]
[Black "Hanko, Miroslav"]
[Result "1-0"]
[WhiteElo "2181"]
[BlackElo "1866"]
[PlyCount "57"]
[EventDate "2015.10.17"]
[EventType "team-tourn"]
[EventRounds "11"]
[EventCountry "SVK"]
[SourceTitle "EXT 2019"]
[Source "ChessBase"]
[SourceDate "2018.10.10"]
[SourceVersion "1"]
[SourceVersionDate "2018.10.10"]
[SourceQuality "1"]
[WhiteTeam "Podhajska Termal"]
[BlackTeam "Bojnice SK PRM"]
[WhiteTeamCountry "SVK"]
[BlackTeamCountry "SVK"]

1. d4 Nf6 2. c4 d6 3. Nc3 g6 4. e4 Bg7 5. Nf3 0-0 6. Be2 a5 7. 0-0 Nbd7 8. Be3 e5 9. d5 Nc5 10. Nd2 Ne8 11. a3 f5 12. f3 f4 13. Bf2 Bf6 14. Kh1 Kh8 15. Qc2 Ng7 16. b4 axb4 17. axb4 Rxa1 18. Rxa1 Na6 19. Qb3 Nb8 20. Ra8 Nd7 21. c5 dxc5 22. bxc5 c6 23. Nc4 Be7 24. Na4 cxd5 25. exd5 Bxc5 26. Nxc5 Qc7 27. Nxd7 Qxd7 28. Nxe5 Qc7 29. d6 1-0